Statistics for This Day in History - June

Click here to take the quiz!

General Stats

  • This quiz has been taken 25,472 times
    (13,575 since last reset)
  • The average score is 22 of 30

Answer Stats

DateYearClueAnswer% Correct
June 8632This prophet dies in MedinaMuhammad
90%
June 71654This king begins his 72 year reign as king of FranceLouis XIV
89%
June 41989Protesters are massacred in or near this city's Tiananmen SquareBeijing
88%
June 132005This pop singer is found not guilty of child molestationMichael Jackson
87%
June 141982This war between Argentina and the U.K. comes to an endFalklands War
86%
June 251929This U.S. President authorizes the building of the dam which
today bears his name
Herbert Hoover
86%
June 271950The U.S. enters this warKorean War
86%
June 281919This treaty is signed, officially ending the state of war
between Germany and the Allied powers
Treaty of {Versailles}
86%
June 181940This politician gives his "Finest Hour" speechWinston Churchill
85%
June 301997China regains control of this territoryHong Kong
84%
June 111978This film, starring John Travolta & Olivia Newton-John,
opens in movie theaters
Grease
83%
June 211982This British royal is born, becoming second-in-line to the thronePrince William
83%
June 10323 BCThis Macedonian conqueror diesAlexander the Great
82%
June 151215King John signs this documentMagna Carta
82%
June 2347 BCThis queen gives birth to Ptolemy Caesarion, the son of Julius CaesarCleopatra
80%
June 171944This island nation declares independence from DenmarkIceland
80%
June 262015The Supreme Court legalizes this across the U.S.Same-sex marriage
75%
June 191865"Juneteeth" celebrates the day that this came to an end in TexasSlavery
75%
June 61984This Russian video game is releasedTetris
73%
June 11533This woman is crowned Queen consort of England. Despite rumors
to the contrary, she has the normal number of fingers.
Anne Boleyn
66%
June 201991Germany votes to move the capital from this city to its
present location in Berlin
Bonn
66%
June 241717The first Grand Lodge of this organization is founded in LondonFreemasonry
64%
June 161897This kingdom is annexed by the United StatesHawaii
64%
June 292007This landmark product is releasediPhone
64%
June 51968This politician is assassinated by Sirhan SirhanRobert F. Kennedy
64%
June 91891Painter Paul Gauguin arrives at this Polynesian islandTahiti
63%
June 31968At the "Factory" in New York City, this artist is shot and nearly
killed by a deranged woman
Andy Warhol
62%
June 21896This Italian inventor files a patent for the radioGuglielmo Marconi
59%
June 121817The "dandy horse" is ridden for this first time. It was the predecessor
to this modern method of transportation.
Bicycle
53%
June 221969The Cuyahoga River catches fire in this U.S. stateOhio
42%

Score Distribution

Percentile by Number Answered

Percent of People with Each Score

Your Score History

You have not taken this quiz since the last reset